Welcome to the Holygrace Academy Library

Please use search bar below to get started

FAIRY ANIMALS OF MISTY WOOD (Record no. 3155)

MARC details
000 -LEADER
fixed length control field 00406nam a22001577a 4500
020 ## - INTERNATIONAL STANDARD BOOK NUMBER
ISBN 978-1-4052-6834-3
082 ## - DEWEY DECIMAL CLASSIFICATION NUMBER
Classification number 823
Item number SMA/F
100 ## - MAIN ENTRY--AUTHOR NAME
Personal name SMALL, LILY
245 ## - TITLE STATEMENT
Title FAIRY ANIMALS OF MISTY WOOD
Remainder of title CHOICE THE KITTEN
246 ## - VARYING FORM OF TITLE
Title proper/short title FAIRY ANIMALS OF MISTY WOOD
Remainder of title CHIOE THE KITTEN
260 ## - PUBLICATION, DISTRIBUTION, ETC. (IMPRINT)
Place of publication UK
Name of publisher EGMONT UK LIIMTED
Year of publication 2013
300 ## - PHYSICAL DESCRIPTION
Number of Pages 125
520 ## - SUMMARY, ETC.
Summary, etc SHORT STORY
650 ## - SUBJECT ADDED ENTRY--TOPICAL TERM
Topical Term SHORT STORY
942 ## - ADDED ENTRY ELEMENTS (KOHA)
Koha item type Books
Holdings
Withdrawn status Lost status Collection code Home library Current library Shelving location Date acquired Source of acquisition Full call number Accession Number Koha item type
    Fiction Main Library Main Library SHELF 4-G FAIRY TALES,COMICS 19/07/2019 Purchase 823 SMA/F 11408 Books